Loading...
| Social Science | 0 | 6 | 0 | 1 | 60 | 53 | 73.50 | 3 | 5 | 0.00 | 0.00 |
| Fine Arts - Painting and Sculpture | 0 | 4 | 0 | 0 | 40 | 38 | 67.50 | 1 | 4 | 0.00 | 0.00 |
| History - American | 0 | 3 | 1 | 1 | 25 | 46 | 79.67 | 0 | 0 | 0.00 | 0.00 |
| Religion | 0 | 3 | 1 | 0 | 25 | 58 | 70.00 | 0 | 3 | 0.00 | 0.00 |
| Literature - British | 0 | 2 | 0 | 0 | 20 | 54 | 58.50 | 1 | 2 | 0.00 | 0.00 |
| Fine Arts - Other | 0 | 3 | 2 | 0 | 20 | 69 | 85.00 | 1 | 2 | 0.00 | 0.00 |
| History - European | 0 | 2 | 0 | 0 | 20 | 35 | 54.50 | 1 | 1 | 0.00 | 0.00 |
| Current Events | 0 | 2 | 0 | 0 | 20 | 61 | 67.00 | 0 | 0 | 0.00 | 0.00 |
| Literature - European | 0 | 2 | 0 | 0 | 20 | 23 | 53.00 | 2 | 2 | 0.00 | 0.00 |
| Mythology | 0 | 2 | 0 | 1 | 20 | 76 | 104.00 | 0 | 1 | 0.00 | 0.00 |
| Philosophy | 0 | 2 | 0 | 1 | 20 | 45 | 80.00 | 0 | 1 | 0.00 | 0.00 |
| Science - Chemistry | 0 | 1 | 0 | 0 | 10 | 59 | 59.00 | 1 | 1 | 0.00 | 0.00 |
| Science - Physics | 0 | 1 | 0 | 0 | 10 | 51 | 51.00 | 0 | 0 | 0.00 | 0.00 |
| Literature - World | 0 | 1 | 0 | 0 | 10 | 36 | 36.00 | 0 | 1 | 0.00 | 0.00 |
| History - Other | 0 | 1 | 0 | 0 | 10 | 66 | 66.00 | 0 | 1 | 0.00 | 0.00 |
| History - World | 0 | 1 | 0 | 0 | 10 | 62 | 62.00 | 0 | 1 | 0.00 | 0.00 |
| Literature - American | 0 | 1 | 0 | 0 | 10 | 136 | 136.00 | 0 | 0 | 0.00 | 0.00 |
| Science - Biology | 0 | 1 | 0 | 1 | 10 | 114 | 114.00 | 0 | 0 | 0.00 | 0.00 |
| Fine Arts - Classical Music | 0 | 1 | 2 | 0 | 0 | 112 | 112.00 | 0 | 0 | 0.00 | 0.00 |